000 02260nam a2200433 c 4500
003 BLK
005 20250617130544.0
008 180411b bul|||||r ||||||| ||bul||
010 _aKNG00205083000
020 _a978-619-7316-11-7
_bиздат.: Гнездото
040 _aBLK
041 _aBUL
_cBUL
072 7 _2bullib
_aН15
_xПсихология Н
080 _aОсобености на духовния живот. Съзнание. Духовно развитие на човека. Диференциална психология. Генетична психология. Еволюционна психология
_b159.922
_x(02.062)
_z159.922(02.062)
080 _aРазвитие на личността. Самосъзнание
_b159.923.2
_x(02.062)
_z159.923.2(02.062)
080 _aМорална оценка - Ценности на живота, щастието, естетически, социални, морални, религиозни. Репутация. Имидж. Слава. Чест. Награда, наказание
_b17.022
_x(02.062)
_z17.022(02.062)
100 1 _aМатюс, Андрю
_994342
700 1 _aЗлатанова, Анна
_eпрев. от англ.
_9347172
139 _aМатюс, Андрю
_bМ 40
245 1 0 _aКак работи щастието
_cАндрю Матюс; прев. от англ. Анна Златанова.
257 _aAUS
260 София
_bГнездото
_c2017
300 _a176 с.
_c24 см
380 _a1
500 _aОриг. загл. Being Happy! / Andrew Matthews. - Съдържа и за авт.
650 4 _aЛичност - психология - популярна литература
_9262671
650 4 _aСамоусъвършенстване
_9170201
650 4 _aЩастие - популярна литература
_9305170
653 _aпсихология на личността
653 _aсамоусъвършенстване
653 _aщастие
659 _aН
852 _aЦб 285156
856 4 _qpdf
_u
856 4 _qpdf
_u
942 _cKNG
_n0
_031
944 _aCR
_c18.04.2017
_lЦветелина Шанова
_k30531
944 _aED
_c16.01.2018
_lф /
_kПенка_Димитрова
999 _c195829
_d195829